Normal view MARC view

Entry Personal Name

Number of records used in: 2

001 - CONTROL NUMBER

  • control field: 36292

003 - CONTROL NUMBER IDENTIFIER

  • control field: dpl

005 - DATE AND TIME OF LATEST TRANSACTION

  • control field: 20111130104749.0

008 - FIXED-LENGTH DATA ELEMENTS

  • fixed length control field: 111130|||a|||||| | ||| d

040 ## - CATALOGING SOURCE

  • Original cataloging agency: dpl
  • Transcribing agency: dpl

100 ## - HEADING--PERSONAL NAME

  • Personal name: Gupta, Priyanka

670 ## - SOURCE DATA FOUND

  • Source citation: Work cat.: (dpl): 36277, NDA/NA topic-wise solved papers 2002-2010 /, (201?)

670 ## - SOURCE DATA FOUND

  • Source citation: Work cat.: (dpl): 36277, NDA/NA topic-wise solved papers 2002-2010 /, (201?)

© Delhi Public Library
Hit Counter
free hit counter